| 000 | 00590cam a2200217 4500 | ||
|---|---|---|---|
| 008 | 090401t1994 xxu||||| |||| 00| 0 eng d | ||
| 020 | _a0419193502 | ||
| 035 | _a(Sirsi) u2093 | ||
| 041 | 0 | _aeng | |
| 050 | 0 | 4 | _a692.5 $2 18 |
| 245 | 0 | 0 | _aSpon's architects' and builders' price book 1995 |
| 250 | _a120th ed. | ||
| 260 |
_aLondon _bE. and F. N. Spon _c1994 |
||
| 300 |
_axxvi, 1094p. _c24cm. |
||
| 350 | _a62 | ||
| 651 | 4 |
_aUnited Kingdom _y |
|
| 690 | _aBUILT ENVIRONMENT-BUILDING COSTS | ||
| 710 | 2 |
_aDavis Langdon and Everest _eEditor _91155 |
|
| 942 | _n0 | ||
| 948 | _c04/03/1997 | ||
| 999 |
_c85729 _d85729 |
||